GRAY,S ANATOMY FOR STUDENTS (Record no. 1801)

MARC details
000 -LEADER
fixed length control field 00355nam a2200145Ia 4500
008 - FIXED-LENGTH DATA ELEMENTS--GENERAL INFORMATION
fixed length control field 150201s2015 xx 000 0 und d
082 ## - DEWEY DECIMAL CLASSIFICATION NUMBER
Classification number 611
Item number G15D
100 ## - MAIN ENTRY--PERSONAL NAME
Personal name DRAKE, RICHARD L.
245 ## - TITLE STATEMENT
Title GRAY,S ANATOMY FOR STUDENTS
250 ## - EDITION STATEMENT
Edition statement 3RD
260 ## - PUBLICATION, DISTRIBUTION, ETC. (IMPRINT)
Name of publisher, distributor, etc. ELSEVIER
Place of publication, distribution, etc. PHILADELPHIA
Date of publication, distribution, etc. 2015
300 ## - PHYSICAL DESCRIPTION
Extent 1-1161
650 ## - SUBJECT ADDED ENTRY--TOPICAL TERM
Topical term or geographic name as entry element HUMAN ANATOMY
942 ## - ADDED ENTRY ELEMENTS (KOHA)
Source of classification or shelving scheme Dewey Decimal Classification
Koha item type Books
Koha issues (borrowed), all copies 5
Holdings
Withdrawn status Lost status Source of classification or shelving scheme Damaged status Not for loan Collection code Home library Current library Shelving location Date acquired Source of acquisition Cost, normal purchase price SGTU Bill Number Total Checkouts Full call number Barcode Date last seen Date last checked out Bill Date Koha item type
    Dewey Decimal Classification     MEDICAL SGT Medical Library SGT Medical Library Reference Book 14/05/2014 ABC DELHI 46.95 SGTU 4634 8 611 G15D FM6143 23/10/2023 08/09/2023 15/07/2014 Books
    Dewey Decimal Classification   Not For Loan MEDICAL SGT Medical Library SGT Medical Library Reference Book 14/05/2014 ABC DELHI 46.95 SGTU 4634   611 G15D FM6144 09/02/2015   15/07/2014 Books